000 00696nam a2200205 i 4500
001 104087
003 ES-MaACL
005 20250826063140.0
007 t|
008 051123m19671970sp ||||1| spa d
100 1 _aMezquida y Gené, Luis María,
_d1920-2004
_980829
245 1 3 _aLa batalla del Ebro /
_cpor Luis Mª Mezquida y Gené.
260 _aTarragona :
_b[s.n.],
_c1967-70 (
_fGibert)
300 _a2 v., 50 lám., 7 map. (1) ;
_c24 cm.
500 _a(1) pleg. sueltos.
500 _aPrecede al tít.: Diputación Provincial de Tarragona.
710 1 0 _aTarragona (Provincia).
_bDiputación
_96910
852 _aES-MaACL
_jC-37671-72
_bR.62725
999 _c104087
_d104087